书目信息 |
| 题名: |
小手机大电影
|
|
| 作者: | 李宇宁 编著 | |
| 分册: | ||
| 出版信息: | 北京 清华大学出版社 2018.12 |
|
| 页数: | 230页 | |
| 开本: | 21cm | |
| 丛书名: | ||
| 单 册: | ||
| 中图分类: | J41 , TN929.53 | |
| 科图分类: | ||
| 主题词: | 移动电话机--摄影技术 | |
| 电子资源: | ||
| ISBN: | 978-7-302-49818-6 | |
| 000 | 01208nam0 2200313 45 | |
| 001 | 012001000884 | |
| 005 | 20130910081908.0 | |
| 010 | @a978-7-302-49818-6@dCNY68.00 | |
| 099 | @aCAL 012018094026 | |
| 100 | @a20180625d2018 em y0chiy0110 ea | |
| 101 | 0 | @achi |
| 102 | @aCN@b110000 | |
| 105 | @aa z 000yy | |
| 106 | @ar | |
| 200 | 1 | @a小手机大电影@Axiao shou ji da dian ying@e零基础玩转手机短视频@f李宇宁编著 |
| 210 | @a北京@c清华大学出版社@d2018.12 | |
| 215 | @a230页@c图@d21cm | |
| 300 | @a并列题名:Phone can film your idea | |
| 300 | @a其他题名:零基础玩转手机短视频 | |
| 312 | @a英文题名取自封面 | |
| 330 | @a本书内容包括:手机微电影课程介绍、拍摄与主题类型、手机的机位与运动、手机拍摄设置、画面与构图、剧本格式与案例、使用手机App制作预告片、拍摄练习以及手机拍摄的后期剪辑,总结、提炼出手机拍摄的小窍门、小技巧,帮助用户玩转手机,玩转短视频,提升用户的拍摄水平。 | |
| 510 | 1 | @aPhone can film your idea@ehow to make your hand phone a better camera@zeng |
| 517 | 1 | @a零基础玩转手机短视频 |
| 606 | 0 | @a移动电话机@x摄影技术 |
| 690 | @aJ41@v5 | |
| 690 | @aTN929.53@v5 | |
| 701 | 0 | @a李宇宁@Ali yu ning@4编著 |
| 801 | @aCN@b江苏凤凰@c20211018 | |
| 905 | @b1341404-7@dJ41@e430@f4 | |
| 小手机大电影:零基础玩转手机短视频/李宇宁编著.-北京:清华大学出版社,2018.12 |
| 230页:图;21cm |
| 并列题名:Phone can film your idea.-其他题名:零基础玩转手机短视频 |
| ISBN 978-7-302-49818-6:CNY68.00 |
| 本书内容包括:手机微电影课程介绍、拍摄与主题类型、手机的机位与运动、手机拍摄设置、画面与构图、剧本格式与案例、使用手机App制作预告片、拍摄练习以及手机拍摄的后期剪辑,总结、提炼出手机拍摄的小窍门、小技巧,帮助用户玩转手机,玩转短视频,提升用户的拍摄水平。 |
| ● |
| 相关链接 |
|
|
|
|
正题名:小手机大电影
索取号:J41/430
 
预约/预借
| 序号 | 登录号 | 条形码 | 馆藏地/架位号 | 状态 | 备注 |
| 1 | 1341404 | 213414045 | 第一样本阅览室/ [索取号:J41/430] | 在馆 | |
| 2 | 1341405 | 213414054 | 第一借阅区/ [索取号:J41/430] | 在馆 | |
| 3 | 1341406 | 213414063 | 第一借阅区/ [索取号:J41/430] | 在馆 | |
| 4 | 1341407 | 213414072 | 第一借阅区/ [索取号:J41/430] | 在馆 |